Normal view
MARC view
- Ganguly, Subha
Entry Personal Name
001 - CONTROL NUMBER
- control field: 4054
003 - CONTROL NUMBER IDENTIFIER
- control field: OSt
005 - DATE AND TIME OF LATEST TRANSACTION
- control field: 20190516153819.0
008 - FIXED-LENGTH DATA ELEMENTS
- fixed length control field: 190516|| aca||aabn | a|a d
040 ## - CATALOGING SOURCE
- Original cataloging agency: OSt
- Transcribing agency: OSt
100 ## - HEADING--PERSONAL NAME
- Personal name: Ganguly, Subha
670 ## - SOURCE DATA FOUND
- Source citation: Work cat.: (OSt): Ganguly, Subha, Food processing and quality control, 2014
